[Event "FICGS rapid D 000125 email"]
[Site "FICGS email"]
[Date "2019.08.26"]
[Round "1"]
[White "Frasson, Gerardo"]
[Black "Galvez, Ricardo"]
[Result "1-0"]
[WhiteElo "1430"]
[BlackElo "1430"]
[PlyCount "23"]
[EventDate "2019.??.??"]
[EventType "tourn (rapid)"]
[EventRounds "5"]
[SourceTitle "Corr 2022"]
[Source "ChessBase"]
[SourceDate "2021.10.24"]
[SourceVersion "1"]
[SourceVersionDate "2021.10.24"]
[SourceQuality "1"]

1. d4 d6 2. e4 Nf6 3. Nc3 c6 4. f4 Qa5 5. Bd2 Nbd7 6. Nd5 Qd8 7. Nxf6+ Nxf6 8. Bd3 Bg4 9. Nf3 e6 10. 0-0 Be7 11. h3 Bxf3 12. Qxf3 1-0

[Event "FICGS rapid C 000159 email"]
[Site "FICGS email"]
[Date "2018.03.22"]
[Round "1"]
[White "Galvez, Ricardo"]
[Black "Foster, Duncan"]
[Result "0-1"]
[WhiteElo "1502"]
[BlackElo "1598"]
[PlyCount "22"]
[EventDate "2018.??.??"]
[EventType "tourn (rapid)"]
[EventRounds "4"]
[SourceTitle "Corr 2022"]
[Source "ChessBase"]
[SourceDate "2021.10.24"]
[SourceVersion "1"]
[SourceVersionDate "2021.10.24"]
[SourceQuality "1"]

1. e4 e5 2. Nf3 Nc6 3. d3 h6 4. g3 Nf6 5. Bg2 Bb4+ 6. c3 Be7 7. Nbd2 d5 8. 0-0 dxe4 9. Nxe4 0-0 10. h3 Bf5 11. Qe2 Qd7 0-1

[Event "FICGS rapid D 000102 email"]
[Site "FICGS email"]
[Date "2016.12.05"]
[Round "1"]
[White "Foster, Duncan"]
[Black "Galvez, Ricardo"]
[Result "1-0"]
[WhiteElo "1565"]
[BlackElo "1626"]
[PlyCount "59"]
[EventDate "2016.??.??"]
[EventType "tourn (rapid)"]
[EventRounds "5"]
[SourceTitle "Corr 2022"]
[Source "ChessBase"]
[SourceDate "2021.10.24"]
[SourceVersion "1"]
[SourceVersionDate "2021.10.24"]
[SourceQuality "1"]

1. e4 e5 2. Nf3 Nc6 3. d4 exd4 4. Nxd4 Nf6 5. Nc3 Bb4 6. Nxc6 bxc6 7. Bd3 d5 8. exd5 cxd5 9. 0-0 0-0 10. Bg5 c6 11. Na4 Re8 12. a3 Bd6 13. Re1 Be6 14. Qd2 Qc7 15. Bxf6 Bxh2+ 16. Kf1 Bf4 17. Qc3 gxf6 18. Qxf6 Qd6 19. Nc5 Bg4 20. Qh4 h5 21. f3 Qxc5 22. fxg4 Be5 23. Qg5+ Bg7 24. gxh5 Re6 25. Rxe6 fxe6 26. g3 Rf8+ 27. Kg2 Qf2+ 28. Kh3 Qf6 29. Qg4 Qh6 30. Re1 1-0

[Event "FICGS rapid D 000102 email"]
[Site "FICGS email"]
[Date "2016.12.05"]
[Round "1"]
[White "Galvez, Ricardo"]
[Black "Kuge, Tom"]
[Result "1-0"]
[WhiteElo "1626"]
[BlackElo "1672"]
[PlyCount "47"]
[EventDate "2016.??.??"]
[EventType "tourn (rapid)"]
[EventRounds "5"]
[SourceTitle "Corr 2022"]
[Source "ChessBase"]
[SourceDate "2021.10.24"]
[SourceVersion "1"]
[SourceVersionDate "2021.10.24"]
[SourceQuality "1"]

1. e4 e5 2. Nf3 Nf6 3. Nxe5 d6 4. Nf3 Nxe4 5. d4 d5 6. Bd3 Nc6 7. 0-0 Bg4 8. c4 Be7 9. Nc3 Nf6 10. cxd5 Nxd5 11. Be4 Nf6 12. h3 Bh5 13. Bxc6+ bxc6 14. g4 Bg6 15. Ne5 0-0 16. f4 Be4 17. g5 Bf5 18. Nxc6 Qd7 19. Qf3 Bd8 20. Ne5 Qxd4+ 21. Be3 Qb4 22. Qxa8 Ne4 23. Nxe4 Bxe4 24. a3 1-0

[Event "FICGS rapid D 000102 email"]
[Site "FICGS email"]
[Date "2016.12.05"]
[Round "1"]
[White "Piantadosi, Angelo"]
[Black "Galvez, Ricardo"]
[Result "0-1"]
[WhiteElo "1313"]
[BlackElo "1626"]
[PlyCount "34"]
[EventDate "2016.??.??"]
[EventType "tourn (rapid)"]
[EventRounds "5"]
[SourceTitle "Corr 2022"]
[Source "ChessBase"]
[SourceDate "2021.10.24"]
[SourceVersion "1"]
[SourceVersionDate "2021.10.24"]
[SourceQuality "1"]

1. e4 e5 2. Nf3 Nc6 3. d4 exd4 4. Nxd4 Bc5 5. Be3 Qf6 6. c3 Nge7 7. Ne2 Bxe3 8. fxe3 0-0 9. Nd4 Qh4+ 10. g3 Qxe4 11. Qf3 Qxf3 12. Nxf3 Re8 13. Nbd2 Nf5 14. e4 d5 15. Bd3 dxe4 16. Nxe4 Nd6 17. Nfd2 f5 0-1

[Event "FICGS class D 000232 email"]
[Site "FICGS email"]
[Date "2016.11.27"]
[Round "1"]
[White "Gouldar, Frances"]
[Black "Galvez, Ricardo"]
[Result "1-0"]
[WhiteElo "1626"]
[BlackElo "1626"]
[PlyCount "23"]
[EventDate "2016.??.??"]
[EventType "tourn (corr)"]
[EventRounds "6"]
[SourceTitle "Corr 2022"]
[Source "ChessBase"]
[SourceDate "2021.10.24"]
[SourceVersion "1"]
[SourceVersionDate "2021.10.24"]
[SourceQuality "1"]

1. e4 e5 2. f4 exf4 3. Nf3 g5 4. Bc4 g4 5. 0-0 gxf3 6. Qxf3 Qf6 7. e5 Qxe5 8. Bxf7+ Kxf7 9. d4 Qf5 10. g4 Qg6 11. Bxf4 Nf6 12. g5 1-0

[Event "FICGS class D 000232 email"]
[Site "FICGS email"]
[Date "2016.11.27"]
[Round "1"]
[White "Louro, Eugenio Diogo"]
[Black "Galvez, Ricardo"]
[Result "1-0"]
[WhiteElo "1489"]
[BlackElo "1626"]
[PlyCount "39"]
[EventDate "2016.??.??"]
[EventType "tourn (corr)"]
[EventRounds "6"]
[SourceTitle "Corr 2022"]
[Source "ChessBase"]
[SourceDate "2021.10.24"]
[SourceVersion "1"]
[SourceVersionDate "2021.10.24"]
[SourceQuality "1"]

1. e4 e5 2. Nf3 Nc6 3. d4 exd4 4. Nxd4 Nf6 5. Bf4 Bc5 6. Be3 Nxd4 7. Bxd4 Nxe4 8. Bc4 0-0 9. 0-0 c6 10. Nc3 Nxc3 11. Bxc3 Qh4 12. Bd3 d5 13. Qf3 Re8 14. Rfe1 Bd7 15. g3 Qh3 16. Qf4 Qg4 17. Bd2 f6 18. c4 Qxf4 19. Bxf4 d4 20. a3 1-0

[Event "FICGS class D 000232 email"]
[Site "FICGS email"]
[Date "2016.11.27"]
[Round "1"]
[White "Vollmer, Steve"]
[Black "Galvez, Ricardo"]
[Result "1/2-1/2"]
[WhiteElo "1591"]
[BlackElo "1626"]
[PlyCount "49"]
[EventDate "2016.??.??"]
[EventType "tourn (corr)"]
[EventRounds "6"]
[SourceTitle "Corr 2022"]
[Source "ChessBase"]
[SourceDate "2021.10.24"]
[SourceVersion "1"]
[SourceVersionDate "2021.10.24"]
[SourceQuality "1"]

1. d4 d5 2. c4 dxc4 3. e3 Nf6 4. Bxc4 e6 5. Nf3 c5 6. 0-0 a6 7. dxc5 Qxd1 8. Rxd1 Bxc5 9. a4 Nc6 10. Nc3 0-0 11. Bd2 b6 12. Rac1 Rd8 13. e4 Ng4 14. Be1 Bb7 15. h3 Nge5 16. Be2 Nxf3+ 17. Bxf3 Ne5 18. Be2 f6 19. Kf1 Ng6 20. f3 Be3 21. Rxd8+ Rxd8 22. Rd1 Rxd1 23. Bxd1 Bc5 24. Bf2 Bxf2 25. Kxf2 1/2-1/2

[Event "FICGS class C 000239 email"]
[Site "FICGS email"]
[Date "2016.11.08"]
[Round "1"]
[White "Galvez, Ricardo"]
[Black "Domingo Gadea, Jordi"]
[Result "0-1"]
[WhiteElo "1626"]
[BlackElo "1891"]
[PlyCount "56"]
[EventDate "2016.??.??"]
[EventType "tourn (corr)"]
[EventRounds "1"]
[SourceTitle "Corr 2022"]
[Source "ChessBase"]
[SourceDate "2021.10.24"]
[SourceVersion "1"]
[SourceVersionDate "2021.10.24"]
[SourceQuality "1"]

1. e4 e5 2. f4 exf4 3. Nf3 d6 4. d4 g5 5. h4 g4 6. Ng1 f5 7. Bxf4 fxe4 8. Nc3 Nf6 9. d5 Bg7 10. h5 0-0 11. h6 Bh8 12. Nge2 a6 13. Ng3 b5 14. a3 Nbd7 15. Be2 Nb6 16. 0-0 Qe8 17. Bg5 Qg6 18. Qd2 Bb7 19. Rf5 Nh5 20. Rxf8+ Rxf8 21. Ngxe4 Nxd5 22. Rf1 Rxf1+ 23. Bxf1 Nxc3 24. Nxc3 Ng3 25. Bf4 Nxf1 26. Kxf1 Qf5 27. Qf2 Bf6 28. Kg1 c5 0-1

[Event "FICGS class E 000193 email"]
[Site "FICGS email"]
[Date "2016.10.08"]
[Round "1"]
[White "Cirovic, Zeljko"]
[Black "Galvez, Ricardo"]
[Result "0-1"]
[WhiteElo "1445"]
[BlackElo "1600"]
[PlyCount "68"]
[EventDate "2016.??.??"]
[EventType "tourn (corr)"]
[EventRounds "5"]
[SourceTitle "Corr 2022"]
[Source "ChessBase"]
[SourceDate "2021.10.24"]
[SourceVersion "1"]
[SourceVersionDate "2021.10.24"]
[SourceQuality "1"]

1. e4 e5 2. Nf3 Nc6 3. Bb5 a6 4. Bxc6 dxc6 5. d4 exd4 6. Qxd4 Qxd4 7. Nxd4 Bd7 8. c3 c5 9. Nb3 b6 10. 0-0 0-0-0 11. f3 Kb7 12. Bf4 Ne7 13. Na3 h5 14. Rad1 Ng6 15. Bg3 h4 16. Bf2 h3 17. g3 Be7 18. Rd2 Ne5 19. Be3 Be6 20. Bf4 Rxd2 21. Nxd2 Nd3 22. b3 Bf6 23. Nac4 Bxc3 24. a4 b5 25. axb5 axb5 26. Na3 Nxf4 27. gxf4 Bxd2 28. Nxb5 Ra8 29. f5 Bd7 30. b4 Be3+ 31. Kh1 Bxb5 32. bxc5 Bxf1 33. c6+ Kxc6 34. e5 Bg2# 0-1

[Event "FICGS class E 000193 email"]
[Site "FICGS email"]
[Date "2016.10.08"]
[Round "1"]
[White "Ropokis, Dimitrios"]
[Black "Galvez, Ricardo"]
[Result "1-0"]
[WhiteElo "1584"]
[BlackElo "1600"]
[PlyCount "71"]
[EventDate "2016.??.??"]
[EventType "tourn (corr)"]
[EventRounds "5"]
[SourceTitle "Corr 2022"]
[Source "ChessBase"]
[SourceDate "2021.10.24"]
[SourceVersion "1"]
[SourceVersionDate "2021.10.24"]
[SourceQuality "1"]

1. d4 d5 2. c4 dxc4 3. Nf3 Nf6 4. Nc3 c6 5. a4 Bf5 6. e3 e6 7. Bxc4 Bb4 8. 0-0 Nbd7 9. Qe2 Bg6 10. a5 Bxa5 11. Bd3 Bxd3 12. Qxd3 0-0 13. e4 Bxc3 14. bxc3 Nc5 15. Qb1 Ncxe4 16. c4 Nd6 17. Ba3 b6 18. Ne5 Qc7 19. c5 bxc5 20. Rc1 Rfb8 21. Qc2 cxd4 22. Qxc6 Qxc6 23. Nxc6 Nb5 24. Nxb8 Rxb8 25. Bc5 Nd5 26. Bxa7 Nxa7 27. Rxa7 Nc3 28. Kf1 g6 29. Rd7 e5 30. f4 f6 31. fxe5 fxe5 32. Ra1 Rf8+ 33. Ke1 Rf7 34. Raa7 Rxd7 35. Rxd7 h6 36. Re7 1-0